Catane - Choix Multiples - Statistiques

Statistiques générales
  • Ce quiz a été pris 4 fois
  • Le résultat moyen est 6 sur 10
Statistiques - réponses
Question Réponse % Correct
Près de quel volcan est-elle située ? Etna
100%
Dans quelle région italienne se situe Catane ? Sicile
100%
Laquelle de ces sauces est originaire de Catane ? à la Norma
50%
À quel animal est associée la ville de Catane ? Éléphant
50%
Quelle information est vraie, concernant le Château d'Ursino ? Initialement construit au bord de l'eau, il est maintenant à 1km du bord de la mer
50%
Quel jeu de société célèbre met la ville de Catane à l'honneur ? Les colons de Catane
50%
Quel évenement survenu en 1693 détruisit presque entièrement la ville et tua 2/3 de sa population ? Un séisme
50%
Quel célèbre compositeur est originaire de Catane ? Vincenzo Bellini
50%
Les arancini sont un plat typiquement sicilien constitués d'une boule de riz frite fourrée de sauce. Quelles sont les principales différences entre ceux de Catane et ceux de Palerme ? Leur forme et leur genre
25%
Quelle couleur caractéristique ont de nombreux bâtiments de la ville ? Noir/Gris
25%
Aucun quiz correspondant
Distribution des résultats
% des personnes avec chaque résultat
Percentile par nombre de réponses
Votre historique - résultats
Vous n’avez pas pris ce quiz